01302nam a2200253 a 450000100100000000500170001000800410002704000250006808200140009324501670010726000690027430000280034349000680037150000330043970000300047270000450050270000460054783000720059304900090066595201270067495201120080195201180091399900170103100002383320250924073802.0110114s1984 dr a 000 0 spa d aDO-SdBNPbspacBNPHU axxxbL69700aLibro de índices de las publicaciones de la editora universitaria /ceditor Ismael Paniagua ; Carmen O. Román de Jiménez, Ángela Socorro María García. aSanto Domingo :bUniversidad Autónoma de Santo Domingo,c1984. a268 p. :bil. ;c22 cm.1 aPublicaciones de la Universidad Autónoma de Santo Domingov97 aIncluye índice de materias1 aPaniagua, Ismaeleed.9741 aRomán de Jiménez, Carmén O.9490461 aGarcía, Ángela Socorro María949047 aPublicaciones de la Universidad Autónoma de Santo Domingov97952 aBNPD 001054708DSaGRbGRcHDd2015-05-26iLF1l0oxxx L697p23833-30r2020-06-25te. 3w2020-06-25yLFDSZPréstamo en sala 0010718PDaPDbPDcHDd2011-01-14iLF1l0oxxx L697p23833-10r2020-06-25w2020-06-25yLFPDZNo se presta 0010718PDaPDbPDcHDd2013-10-18iLF1l0oxxx L697p23833-20r2020-06-25te. 2w2020-06-25yLFPDZNo se presta c23329d23329